000 01307nam a2200301 i 4500
001 000028542
003 DO-SdBNP
005 20250307124254.0
007 ta
008 110411s1989 dr a 001 0 spa d
040 _aDO-SdBNP
_bspa
_cBNPHU
_erda
082 _a572.357
_bC749m
_222
111 2 _aCongreso dominicano sobre la enseñanza de la biología a nivel medio
_n(1 :
_d1988 : 17-20 agosto
_cCIECAL,San Cristóbal, República Dominicana)
_955496
245 1 0 _aMemorias del primer congreso dominicano sobre la enseñanza de la biología a nivel medio /
_ccompiladores Ana Mercedes Henríquez, Sixto J. Incháustegui.
264 _aSanto Domingo :
_bINTEC,
_c1989.
300 _a338 paginas :
_bilustraciones , gráficos. ;
_c23 cm.
336 _2rdacontent
_atexto
_btxt
337 _2rdamedia
_asin mediación
_bn
338 _2rdacarrarier
_avolumen
_bnc
590 _aInventariado, 2023 / DG
650 4 _aBiología
_xEnseñanza media
_vCongresos, conferencias, etc.
_955497
650 4 _aBiología
_zRepública Dominicana
_aCongresos, conferencias, etc.
_955498
700 1 _aHenríquez, Ana Mercedes,
_ecomp.
_9243
700 1 _aIncháustegui, Sixto J.,
_ccomp.
_955499
710 2 _aInstituto Tecnológico de Santo Domingo
_978911
910 _aValidado. Control de calidad EMS
942 _2ddc
_cLBS1
999 _c28034
_d28034